Hűség és harag [vers] /
Elmentve itt :
| Szerző: | |
|---|---|
| Dokumentumtípus: | Cikk |
| Megjelent: |
1970
|
| Sorozat: | Tiszatáj
24 No. 4 |
| Kulcsszavak: | Magyar irodalom - vers |
| Online Access: | http://tiszataj.bibl.u-szeged.hu/6302 |
| LEADER | 00572nab a2200181 i 4500 | ||
|---|---|---|---|
| 001 | tisza6302 | ||
| 005 | 20200330131648.0 | ||
| 008 | 170518s1970 hu o 0|| hun d | ||
| 022 | |a 0133-1167 | ||
| 040 | |a SZTE Tiszatáj Archívum |b hun | ||
| 041 | |a hun | ||
| 100 | 1 | |a Polner Zoltán | |
| 245 | 1 | 0 | |a Hűség és harag |h [elektronikus dokumentum] : |b [vers] / |c Polner Zoltán |
| 260 | |c 1970 | ||
| 300 | |a 282-283 | ||
| 490 | 0 | |a Tiszatáj |v 24 No. 4 | |
| 695 | |a Magyar irodalom - vers | ||
| 856 | 4 | 0 | |u http://tiszataj.bibl.u-szeged.hu/6302/1/tiszataj_1970_004_282-283.pdf |z Dokumentum-elérés |